000 01379nam0a2200361 i 4500
001 RU\NLR\BIBL_A\011145993
005 20260406155053.0
010 _a9785845919557
_9500
021 _aRU
_b2016-41315
_92652
035 _a(NILC)RuMoRGB-008492096
035 _a(NLR Aleph) 011145993
090 _a11645049
_c11645049
100 _a20160603d2016 km y0rusy50 ca
101 1 _arus
_ceng
102 _aRU
105 _aa z 001yy
200 1 _aJava 8
_eруководство для начинающих
_fГерберт Шилдт
_g[пер. с англ. и ред. к.х.н. А. Г. Гузикевича]
205 _a6-е изд.
210 _aМосква [др.]
_cВильямс
_d2016
215 _a712 с.
_cил.
_d25
300 _aЗагл. и авт. ориг.: Java™: a beginner's guide / Herbert Schildt
313 _a6-е изд. 2015 г.
320 _aПредм. указ.: с. 707-712
454 0 _12001#$aJava™$ea beginner's guide
_1700#1$aSchildt$bH.$gHerbert
_tJava™
_aSchildt, Herbert
606 1 _aJAVA 8.0, язык программирования
_92198449
_3RU\NLR\AUTH\6601556308
675 _a004.4
686 1 _aЗ988.02-018.1
700 1 _8rus
_7ca
_aШилдт
_bГ.
_gГерберт
_3RU\NLR\AUTH\777454
_9117388
801 0 _aRU
_bРГБ
_c20160518
_gRCR
942 _cBOOK
980 _aNBR